| 000 | 00203nam a22000737a 4500 | ||
|---|---|---|---|
| 999 |
_c23979 _d23979 |
||
| 003 | Nust | ||
| 005 | 20170515120737.0 | ||
| 008 | 140429b xxu||||| |||| 00| 0 eng d | ||
| 020 |
_cAvailable _a8129705346 |
||
| 040 |
_aDLC _bDLC _cRCMS |
||
| 082 |
_22nd,ed. _a621.3822LYO |
||
| 100 |
_aLyons,Richard G _9666 |
||
| 245 | _aUnderstanding digital signal Processing | ||
| 250 | _a2nd,ed | ||
| 260 |
_aIndia _bPearson Education _cc2004 |
||
| 300 |
_ax,683,p: _bill: _c25,cm |
||
| 538 | _iShelf # 15, Row # 3, Communication. | ||
| 650 |
_aElectrical & Computing Engineering _9714 |
||
| 856 | _3Table of Content Only | ||
| 942 |
_2ddc _cBK |
||